<?xml version="1.0" encoding="UTF-8"?>
<collection xmlns="http://www.loc.gov/MARC21/slim">
<record>
  <controlfield tag="001">301232</controlfield>
  <controlfield tag="005">20230131175148.0</controlfield>
  <datafield tag="035" ind1=" " ind2=" ">
    <subfield code="a">G:(GEPRIS)397831829</subfield>
  </datafield>
  <datafield tag="024" ind1="7" ind2=" ">
    <subfield code="a">G:(GEPRIS)397831829</subfield>
    <subfield code="d">397831829</subfield>
  </datafield>
  <datafield tag="040" ind1=" " ind2=" ">
    <subfield code="a">GEPRIS</subfield>
    <subfield code="c">http://gepris.its.kfa-juelich.de</subfield>
  </datafield>
  <datafield tag="150" ind1=" " ind2=" ">
    <subfield code="a">Die Funktion von endothelialem ADAR1 bei vaskulärem Wachstum und Homöoestase (B12*)</subfield>
    <subfield code="y">2018 - 2021</subfield>
  </datafield>
  <datafield tag="371" ind1=" " ind2=" ">
    <subfield code="a">Professor Dr. Konstantinos Stellos</subfield>
  </datafield>
  <datafield tag="450" ind1=" " ind2=" ">
    <subfield code="a">SFB 834 B12</subfield>
    <subfield code="w">d</subfield>
    <subfield code="y">2018 - 2021</subfield>
  </datafield>
  <datafield tag="510" ind1="1" ind2=" ">
    <subfield code="a">Deutsche Forschungsgemeinschaft</subfield>
    <subfield code="0">I:(DE-588b)2007744-0</subfield>
    <subfield code="b">DFG</subfield>
  </datafield>
  <datafield tag="550" ind1=" " ind2=" ">
    <subfield code="0">G:(GEPRIS)75732319</subfield>
    <subfield code="a">SFB 834: Endothelial Signalling and Vascular Repair</subfield>
    <subfield code="w">t</subfield>
  </datafield>
  <datafield tag="680" ind1=" " ind2=" ">
    <subfield code="a">ADAR1 katalysiert das Adenosine-zu-Inosine RNA Editing in doppelt-strängige RNAs. Die in diesem Antrag gesetzten Meilensteine dienen der Identifizierung der funktionellen Rolle von ADAR1 in der vaskulären Entwicklung und Homöostase in vivo. In bisherigen Experimenten konnten wir beobachten, dass endotheliales ADAR1 unabdingbar für das vaskuläre Wachstum und die Homöostase in vivo ist. In der neu beantragten Förderperiode werden wir die Phänotypen vom endothelzell-spezifischen ADAR1 in Mäusen charakterisieren und den zugrundeliegenden, molekularen Mechanismus entschlüsseln</subfield>
  </datafield>
  <datafield tag="909" ind1="C" ind2="O">
    <subfield code="o">oai:juser.fz-juelich.de:967975</subfield>
    <subfield code="p">authority:GRANT</subfield>
    <subfield code="p">authority</subfield>
  </datafield>
  <datafield tag="980" ind1=" " ind2=" ">
    <subfield code="a">G</subfield>
  </datafield>
  <datafield tag="980" ind1=" " ind2=" ">
    <subfield code="a">AUTHORITY</subfield>
  </datafield>
  <datafield tag="909" ind1="C" ind2="O">
    <subfield code="o">oai:juser.fz-juelich.de:967975</subfield>
  </datafield>
</record>
</collection>